| 000 | 00639nam a2200253Ia 4500 | ||
|---|---|---|---|
| 008 | 181129s9999 xx 000 0 und d | ||
| 020 | _a078073003501 | ||
| 050 | _bK483 1997 | ||
| 100 | _aKilgras, Heidi | ||
| 245 | 0 | _aWhat will I do if I can't tie my shoe? / | |
| 245 | 0 | _cby Heidi Kilgras ; illustrated by Dana Regan. | |
| 260 | _aNew York, NY : | ||
| 260 | _bScholastic, | ||
| 260 | _c1997 | ||
| 300 | _aunpaged : | ||
| 300 | _bcolor illustrations ; | ||
| 300 | _c20cm. | ||
| 440 | _aRead with me. | ||
| 500 | _aBR | ||
| 650 | _aShoes. | ||
| 650 | _aStories in rhyme. | ||
| 700 | _aRegan, Dana. | ||
| 700 | _aTitle. | ||
| 999 |
_c359964 _d359964 |
||